00715 2200289 4500001002100000005001500021035002000036007000300056040001700059100001700076245003600093250001200129300002400141504002500165020001800190041000800208082000800216084001400224090001900238260003100257650001700288850001000305008004100315990002300356990002300379990002300402INLIS00000000000258520260601021114 a0010-0320000005ta aSBPUPADbind0 aIkwan Fauzi1 aFenomena Kiamat /cIkhwan Fauzi a.-cet.2 av,119 hlm. ;c17 cm aBibliografi, hlm 119 a979-9392-11-X0 aind a297 a297 IKH f a297 IKH f 2-23 a.--Jakarta :bAmzah,c2005 4aAkidah Islam aPUPAD260601 0  a7.196/ARPUS-PDG 08 a7.197/ARPUS-PDG 08 a7.195/ARPUS-PDG 08